Rubber exploitation and processing at chup company,(ការធ្វោះអាជីវកម្មដំណាំកៅស៊ូ និងការកែច្នៃនៅក្រុមហ៉ុនចំការកៅស៊ូជុប). (Record no. 329)
[ view plain ]
| 000 -LEADER | |
|---|---|
| fixed length control field | 00567nam a22001457a 4500 |
| 003 - CONTROL NUMBER IDENTIFIER | |
| control field | OSt |
| 005 - DATE AND TIME OF LATEST TRANSACTION | |
| control field | 20150912161443.0 |
| 008 - FIXED-LENGTH DATA ELEMENTS--GENERAL INFORMATION | |
| fixed length control field | 150912b xxu||||| |||| 00| 0 eng d |
| 040 ## - CATALOGING SOURCE | |
| Transcribing agency | RUA |
| 082 ## - DEWEY DECIMAL CLASSIFICATION NUMBER | |
| Classification number | AGR LIM 1996 BOO17 Or.1 |
| 100 ## - MAIN ENTRY--PERSONAL NAME | |
| 9 (RLIN) | 348 |
| Personal name | LIM, KETHDARATH |
| 245 ## - TITLE STATEMENT | |
| Title | Rubber exploitation and processing at chup company,(ការធ្វោះអាជីវកម្មដំណាំកៅស៊ូ និងការកែច្នៃនៅក្រុមហ៉ុនចំការកៅស៊ូជុប). |
| 300 ## - PHYSICAL DESCRIPTION | |
| Extent | 105p. |
| Other physical details | ill. |
| Dimensions | 29cm. |
| 942 ## - ADDED ENTRY ELEMENTS (KOHA) | |
| Source of classification or shelving scheme | |
| Koha item type | AGR |
| Price effective from | Date last seen | Permanent Location | Not for loan | Date acquired | Source of classification or shelving scheme | Koha item type | Barcode | Lost status | Damaged status | Shelving location | Withdrawn status | Current Location | Full call number |
|---|---|---|---|---|---|---|---|---|---|---|---|---|---|
| 2015-09-12 | 2015-09-12 | Library Block B | 2015-09-12 | AGR | RUA003548 | B017 | Library Block B | AGR LIM 1996 BOO17 Or.1 | |||||
| 2015-09-12 | 2015-09-12 | Library Block B | 2015-09-12 | AGR | RUA003476 | B017 | Library Block B | AGR LIM 1996 BOO17 Or.2 | |||||
| 2015-09-12 | 2015-09-12 | Library Block B | 2015-09-12 | AGR | RUA003021 | B017 | Library Block B | AGR LIM 1996 BOO17 Or.3 | |||||
| 2015-09-12 | 2015-09-12 | Library Block B | 2015-09-12 | AGR | RUA003093 | B017 | Library Block B | AGR LIM 1996 BOO17 Or.4 | |||||
| 2015-09-12 | 2015-09-12 | Library Block B | 2015-09-12 | AGR | RUA003165 | B017 | Library Block B | AGR LIM 1996 BOO17 Or.5 |